Statistiques concernant Villes aléatoires sur une carte par lettre - D

Cliquez ici pour prendre le quiz!

Statistiques générales

  • Ce quiz a été pris 767 fois
  • Le résultat moyen est 6 sur 10

Réponses sur la Carte

Les réponses sont colorées sur une échelle allant du rouge au vert en fonction du pourcentage des utilisateurs qui les ont devinées à leur premier essai. Vous pouvez retrouver ces pourcentages ci-dessous.
 

Statistiques - réponses

Ville% Correct
Dublin
95%
Dubaï
83%
Dakar
81%
Delhi
77%
Dallas
75%
Dacca
74%
Doha
73%
Denver
69%
Damas
68%
Detroit
67%
Djibouti
66%
Dar es Salam
46%
Douchanbé
43%
Düsseldorf
41%
Dresde
40%
Dili
38%
Durban
38%
Dodoma
37%
Darwin
35%
Douala
31%
Des Moines
15%
Dammam
6%

Distribution des résultats

Percentile par nombre de réponses

% des personnes avec chaque résultat

Votre développement - résultats

Vous n’avez pas pris ce quiz